Curso de contabilidade / (Registro nro. 43256)
[ vista simple ]
| 000 -CABECERA | |
|---|---|
| campo de control de longitud fija | 00655nam a2200205 a 4500 |
| 001 - NÚMERO DE CONTROL | |
| campo de control | 000043767 |
| 005 - FECHA Y HORA DE LA ÚLTIMA TRANSACCIÓN | |
| campo de control | 20201002044947.0 |
| 008 - DATOS DE LONGITUD FIJA--INFORMACIÓN GENERAL | |
| campo de control de longitud fija | 140425s1979 po a 000 0 spa d |
| 040 ## - FUENTE DE LA CATALOGACIÓN | |
| Centro catalogador/agencia de origen | DO-SdBNP |
| Lengua de catalogación | spa |
| Centro/agencia transcriptor | BNPHU |
| 082 ## - NÚMERO DE LA CLASIFICACIÓN DECIMAL DEWEY | |
| Número de clasificación | xxxx |
| Número de documento/Ítem | xxxx |
| 100 1# - ENTRADA PRINCIPAL--NOMBRE DE PERSONA | |
| Nombre de persona | Esteves Pereira, Joâo Manuel |
| 9 (RLIN) | 71606 |
| 245 10 - MENCIÓN DE TÍTULO | |
| Título | Curso de contabilidade / |
| Mención de responsabilidad, etc. | Joâo Manuel Esteves Pereira. |
| 246 10 - FORMA VARIANTE DE TÍTULO | |
| Título propio/Titulo breve | Contabilidade analítica : |
| Resto del título | conforme o Plano Oficial de Contabilidade |
| 250 ## - MENCIÓN DE EDICIÓN | |
| Mención de edición | 2a ed. |
| 260 ## - PUBLICACIÓN, DISTRIBUCIÓN, ETC. | |
| Lugar de publicación, distribución, etc. | Lisboa : |
| Nombre del editor, distribuidor, etc. | Plátano, |
| Fecha de publicación, distribución, etc. | [1979]. |
| 300 ## - DESCRIPCIÓN FÍSICA | |
| Extensión | v. : |
| Otras características físicas | il. ; |
| Dimensiones | 24 cm. |
| 490 1# - MENCIÓN DE SERIE | |
| Mención de serie | Plâtano escolar |
| 500 ## - NOTA GENERAL | |
| Nota general | La biblioteca posee el v. 3 |
| 830 #0 - PUNTO DE ACCESO ADICIONAL DE SERIE-TÍTULO UNIFORME | |
| Título uniforme | Plâtano escolar |
| 9 (RLIN) | 71607 |
| Estado de retiro | Estado de pérdida | Restricciones de uso | No para préstamo | Código de colección | Localización permanente | Ubicación/localización actual | Ubicación en estantería | Fecha de adquisición | Número de inventario | Total de préstamos | Signatura topográfica completa | Código de barras | Fecha visto por última vez | Precio válido a partir de | Tipo de ítem Koha |
|---|---|---|---|---|---|---|---|---|---|---|---|---|---|---|---|
| Excluido de préstamo | Monografías: Libros y Folletos | Patrimonio Dominicano | Patrimonio Dominicano | En catalogación | 25.04.2014 | LF1 | xxxx xxxx | 43767-10 | 25.06.2020 | 25.06.2020 | No se presta |
